| Tag |
First Indicator |
Second Indicator |
Subfields |
| LEADER |
00000cam a2200000 a 4500 |
| 001 |
in00000079982 |
| 005 |
20151008055254.0 |
| 008 |
780411s1952 mau b 00110 eng d |
| 035 |
|
|
|a (OCoLC)03791950
|
| 035 |
|
|
|9 AAJ3016AM
|
| 040 |
|
|
|a OSU
|c OSU
|d m.c.
|d TXA
|d UtOrBLW
|
| 041 |
1 |
|
|a lat
|a eng
|h lat
|
| 049 |
|
|
|a TXAM
|c [1654786]
|
| 090 |
|
|
|a PA6156.C6
|b B7 1952
|
| 100 |
1 |
|
|a Cicero, Marcus Tullius.
|
| 245 |
1 |
0 |
|a Brutus /
|c Cicero ; with an English translation by G.L. Hendrickson. Orator / with an English translation by H.M. Hubbell.
|
| 264 |
|
1 |
|a Cambridge, Mass. :
|b Harvard University Press ;
|a London :
|b W. Heinemann,
|c 1952.
|
| 300 |
|
|
|a v, 537, 9 pages ;
|c 17 cm.
|
| 336 |
|
|
|a text
|b txt
|2 rdacontent
|
| 337 |
|
|
|a unmediated
|b n
|2 rdamedia
|
| 338 |
|
|
|a volume
|b nc
|2 rdacarrier
|
| 490 |
1 |
|
|a The Loeb classical library. [Latin authors]
|
| 500 |
|
|
|a Latin and English on opposite pages.
|
| 504 |
|
|
|a Includes bibliographical references and indexes.
|
| 650 |
|
0 |
|a Oratory, Ancient.
|
| 700 |
1 |
|
|a Hendrickson, G. L.
|q (George Lincoln),
|d 1865-
|
| 700 |
1 |
|
|a Hubbell, H. M.
|q (Harry Mortimer),
|d 1881-1971.
|
| 740 |
0 |
|
|a Orator.
|
| 830 |
|
0 |
|a Loeb classical library.
|
| 999 |
|
|
|a MARS
|
| 999 |
f |
f |
|s 4170e62e-2a23-3902-bbcc-a95d926990cd
|i 1ec4af4a-ce28-31e0-ab45-e5f36411c2a9
|t 0
|
| 952 |
f |
f |
|p normal
|a Texas A&M University
|b College Station
|c Sterling C. Evans Library
|d Evans: Library Stacks
|t 0
|e PA6156.C6 B7 1952
|h Library of Congress classification
|i unmediated -- volume
|m A14806173662
|
| 998 |
f |
f |
|a PA6156.C6 B7 1952
|t 0
|l Evans: Library Stacks
|